000 01863nam a2200289Ia 4500
999 _c53515
_d53515
001 20561
003 GE_BSU
005 20210220210558.0
008 181216s2011||||ge |||||||||||||| ||geo||
020 _a9789941131981
040 _cGE_BSU
041 _ageo
080 _a546(075.8) ლ-40
100 _aლეკიშვილი, ნოდარ
_910157
245 _aზოგადი და არაორგანული ქიმია : მესამე ნაწილი :
_bმეტალორგანული ნაერთები და მეტალკომპლექსები /
_c ნოდარ ლეკიშვილი, მზია კეჟერაშვილი, ხათუნა ბარბაქაძე ; რედაქტორი ერნა ლეკიშვილი.
264 _aთბილისი :
_bთბილისის უნივერსიტეტის გამომცემლობა,
_c2011.
300 _a157,[1] გვ.
504 _aბიბლიოგრ. : გვ. 156-157
541 _h42 ლ.
653 _aზოგადი და არაორგანული ქიმია
653 _aმეტალორგანული ნაერთები და მეტალკომპლექსები
700 _a კეჟერაშვილი, მზია
_eავტორი
_910158
700 _aბარბაქაძე, ხათუნა
_eავტორი
_910159
700 _aლეკიშვილი, ერნა
_eრედაქტორი
_910160
710 _aივანე ჯავახიშვილის სახელობის თბილისის სახელმწიფო უნივერსიტეტი
_910161
942 _cBK
_2udc